Online Catalogue and eLibrary

Beeshanaye doonkaraya (Record no. 4786)

MARC details
000 -LEADER
fixed length control field 00373nam a2200157Ia 4500
005 - DATE AND TIME OF LATEST TRANSACTION
control field 20250425035844.0
008 - FIXED-LENGTH DATA ELEMENTS--GENERAL INFORMATION
fixed length control field 240331s9999 xx 000 0 und d
082 ## - DDC Classification
Item Number - Author Mark JAY
Class No. 891
100 ## - MAIN ENTRY--PERSONAL NAME
Personal name Jayasinghe,R
245 #0 - TITLE STATEMENT
Title Beeshanaye doonkaraya
260 ## - PUBLICATION, DISTRIBUTION, ETC.
Place of publication, distribution, etc. Ganemulla
Name of publisher, distributor, etc. Suredra Publications
Date of publication, distribution, etc. 1994
300 ## - PHYSICAL DESCRIPTION
Extent (e.g. Volumes, Pages etc.) 260 p .,
650 ## - SUBJECT ADDED ENTRY--TOPICAL TERM
Topical term or geographic name entry element Humanity
650 ## - SUBJECT ADDED ENTRY--TOPICAL TERM
Topical term or geographic name entry element Culture
942 ## - Koha item type (Biblio)
Koha item type Books in Stacks (Lending)
Holdings
Lost status Damaged status Collection code Home library Current library Shelving location Date acquired Full call number Accession Number Item type
    Lending WERC Library WERC Library Social Science Cupboard 03/31/2024 891.48 JAY 3529 Books in Stacks (Lending)

© WERC Library